000 00991nam a22002537a 4500
005 20110511111831.0
008 110511t xxu||||| |||| 00| 0 eng d
010 _aENG-102438
020 _a9788182830714
_c325.00
020 _a8182830710
_c325.00
035 _aEN-85971
037 _bDBAD/PUB
040 _aDPL
_bEng
082 _a511.6
100 _aChauhan, J. P.
_927875
245 _aKrishna's discrete mathematical structures for B. Tech. and MCA students of all colleges affiliated to Indian universities /
_cby J. P. Chauhan
260 _aMeerut
_bKrishna Prakashan
_c2010
270 _a11, Shivaji Road
_bMeerut
_e250001
_k91-121-2644766,2642946
_l91-121-2645855
_minfo@krishnaprakashan.com
300 _axxiii, 720,4 p.
_c24cm (pbk)
650 _927887
700 _927963
942 _2ddc
_cEN
_h511.6
_mCHA
999 _c52344
_d52344